| 000 | 00779nam a22002657a 4500 | ||
|---|---|---|---|
| 001 | 00576 | ||
| 003 | DO-SdBNP | ||
| 005 | 20180117143954.0 | ||
| 007 | 00576 | ||
| 008 | 160623b sp 1988 ||||| |||| 00| 0 spa d | ||
| 020 | _a978843458505 | ||
| 040 |
_aBPMSU _bspa _cBPMSU |
||
| 092 |
_axxxx _bxxxx |
||
| 100 | 1 | _aRuck-Pauquet, Gina | |
| 245 | 1 | 0 |
_aBoris y el pez embrujado : _cGina Ruck-Pauquét ; traducción Lola Romero ; ilustración Christine |
| 260 |
_aBarcelona : _bSalvat, _c1988. |
||
| 300 |
_a134 p. : _bil., _c22 cm. |
||
| 490 | 1 |
_aBiblioteca juvenil _v64 |
|
| 700 | 1 | 2 |
_aRomero, Lola, _etr. |
| 700 | 1 | 2 |
_aWilhelm, Christine, _eil. |
| 830 | 0 |
_aBiblioteca juvenil _v64 |
|
| 942 |
_2ddc _cBK |
||
| 945 | _aInventariado, 2018 LP | ||
| 956 |
_aBTAVÁREZ _b10 _c20162306 _d00576 |
||
| 999 |
_c10526 _d10526 |
||